000 00706nam a22002177a 4500
003 OSt
005 20250826021430.0
008 250826b |||||||| |||| 00| 0 eng d
020 _a978-0-521-71230-9.
040 _aDWC-Main Lib.
_cOC
100 _aKIM, BYUNG HONG
245 _aBacterial phyisiology and metabolism/
_cKIM, BYUNG HONG
260 _aUK :
_bCambridge University Press,
_cc2008.
300 _axxii, 529 p. :
_bill. ;
_c25 cm.
504 _aIncludes bibliographical references and index.
650 _a1. Bacteria-Physiology.
650 _a2. Micorbial metabolism.
650 _a3. Prokaryotes-Physiology.
700 _aGADD, GEOFFREY MICHAEL.
942 _2ddc
_cBK-CIRC
_hCirc.
_n0
999 _c4231
_d4231